Música d'orgue al Palau Güell : programa 2 de desembre de 2014 : 16 hores programa 2 de desembre de 2014 : 16 hores
Descripción Física:
1 díptic ; il·lustració color ; 21 cm
Materias:
Palau Güell (Barcelona) -- Activitats culturals
; Concerts (Execució musical) -- Programes
; Concerts (Orgue)
Idioma:
Catalán
MARC
| LEADER | 00000nam a22000007a 4500 | ||
|---|---|---|---|
| 001 | 27886 | ||
| 003 | Arxiu | ||
| 005 | 20260324181516.0 | ||
| 008 | 230522b spa||||| |||| 00| 0 cat d | ||
| 017 | |a B 25264-2014 | ||
| 040 | |a agdb |b cat | ||
| 110 | 2 | |9 17034 |a Palau Güell (Barcelona) | |
| 245 | |a Música d'orgue al Palau Güell : |b programa 2 de desembre de 2014 : 16 hores | ||
| 260 | |a Barcelona : |b Palau Güell : |b Diputació de Barcelona ; |c 2014 | ||
| 300 | |a 1 díptic ; |b il·lustració color ; |c 21 cm | ||
| 610 | 2 | 0 | |9 52964 |a Palau Güell (Barcelona) |x Activitats culturals |
| 650 | 0 | |2 Arxiu |9 43539 |a Concerts (Execució musical) |x Programes | |
| 650 | 0 | |9 49548 |a Concerts (Orgue) | |
| 700 | |9 49549 |a Mas i Bonet, Josep Maria |e director | ||
| 700 | |9 49550 |a Taboada Jiménez, Pablo |e organista | ||
| 710 | 1 | |a Barcelona (Catalunya : Província). |b Diputació |9 52408 | |
| 942 | |2 udc |c ARXIU |n 1 | ||
| 952 | |0 0 |1 0 |2 udc |4 0 |6 FU75110 |7 1 |9 66370 |a Arxiu |b Arxiu |d 2023-05-22 |l 0 |o FU-75-110 |p 27886 |r 2023-05-22 00:00:00 |w 2023-05-22 |y ARXIU | ||
| 999 | |c 83731 |d 83731 | ||